Trento. ¿Qué pasó en el concilio?

Saved in:
Bibliografiske detaljer
Hovedforfatter: O'Malley, John W. (autor)
Andre forfattere: Arias Pérez, Isidro (traductor)
Format: Bog
Sprog:engelsk
spansk
Udgivet: Maliaño, España Sal Terrae 2015
Serier:Panorama, 18
Fag:
Tags: Tilføj Tag
Ingen Tags, Vær først til at tagge denne postø!

MARC

LEADER 00000nam a22000007a 4500
003 CL-VaPUC
005 20210705122737.0
008 210527b ||||| |||| 00| 0 eng d
999 |c 433008  |d 433006 
020 |a 9788429324945 
040 |c Pontificia Universidad Católica de Valparaíso 
041 0 |a spa 
082 0 |2 21  |a 262.52 OMA 2015 
100 1 |a O'Malley, John W.  |e autor  |9 861071 
245 1 0 |a Trento.   |b  ¿Qué pasó en el concilio? 
260 3 |a Maliaño, España  |b Sal Terrae  |c 2015 
300 |a 327 páginas 
490 |a Panorama,   |v  18 
500 |a Donación VRA N. Vásquez L. 
583 |c 20210527  |k Daniel Castañeda 
650 0 0 |a Concilio de Trento  |9 318307  |x Reforma de la iglesia  |y 1545-1563 
650 0 0 |a Historia de la iglesia   |9 257565  |x Iglesia católica  |x Concilios 
700 1 |a Arias Pérez, Isidro  |e traductor  |9 861072 
942 |2 ddc  |c BK 
952 |0 0  |1 0  |2 ddc  |4 0  |6 262_520000000000000_OMA_2015  |7 0  |8 A  |9 577907  |a BIBHIS  |b BIBHIS  |d 2021-05-27  |i 5621216  |o 262.52 OMA 2015  |p 5621216  |r 2025-01-20  |t 1  |w 2021-05-27  |y BK  |k HIS